BIBLIOTECA PODER JUDICIAL
Portal Judicial TDF

Principales reformas introducidas por la Ley de Bases al instituto del silencio administrativo / (Registro nro. 6192)

000 -LEADER
fixed length control field 01248nabaa22002177a 4500
003 - CONTROL NUMBER IDENTIFIER
control field OSt
005 - DATE AND TIME OF LATEST TRANSACTION
control field 20260125192817.0
008 - FIXED-LENGTH DATA ELEMENTS--GENERAL INFORMATION
fixed length control field 190701b xxu||||| |||| 00| 0 spa d
040 ## - CATALOGING SOURCE
Transcribing agency PJ
100 ## - MAIN ENTRY--PERSONAL NAME
9 (RLIN) 6929
Personal name Perrino, Juan Pablo
245 10 - TITLE STATEMENT
Title Principales reformas introducidas por la Ley de Bases al instituto del silencio administrativo /
Statement of responsibility, etc Juan Pablo Perrino.
300 ## - PHYSICAL DESCRIPTION
Extent p. 158-174
500 ## - GENERAL NOTE
General note Cita: TR LALEY AR/DOC/2161/2024
505 ## - FORMATTED CONTENTS NOTE
Formatted contents note Sumario: I. Introducción.— II. Atribución de efecto positivo al silencio como regla general para los casos de solicitudes de autorizaciones regladas.— III. Equiparación del silencio a la ambigüedad.— IV. Nueva regla para el art. 10 de la LNPA: eliminación del requisito del pronto despacho para el silencio negativo.— V. Efectos del silencio sobre el plazo de prescripción.— VI. Conclusión.
505 ## - FORMATTED CONTENTS NOTE
Title ¿Te interesa el texto completo? Comunicate al correo: koha@justierradelfuego.gov.ar
650 #0 - SUBJECT ADDED ENTRY--TOPICAL TERM
9 (RLIN) 211
Topical term or geographic name as entry element DERECHO ADMINISTRATIVO
650 #0 - SUBJECT ADDED ENTRY--TOPICAL TERM
9 (RLIN) 1135
Topical term or geographic name as entry element PROCEDIMIENTO ADMINISTRATIVO
650 #0 - SUBJECT ADDED ENTRY--TOPICAL TERM
Topical term or geographic name as entry element REFORMA DEL ESTADO
9 (RLIN) 3177
773 0# - HOST ITEM ENTRY
Host Biblionumber 2842
Host Itemnumber 3251
Place, publisher, and date of publication Buenos Aires : AbeledoPerrot, 2012-
Other item identifier DA121
Title Derecho administrativo. Nº 155 septiembre/octubre 2024
International Standard Book Number 18510590
942 ## - ADDED ENTRY ELEMENTS (KOHA)
Source of classification or shelving scheme
Koha item type Analítica Artículo de Revista

No hay ítems disponibles.

12 de Octubre 789 Ushuaia - Tel:  54(02901)441571
Horario de Atención: 8.00 a 17.00 hs. 
bibliotecaush@justierradelfuego.gov.ar
koha@justierradelfuego.gov.ar
Seguinos en nuestras redes @bibliojustdf 

Con tecnología Koha